La formación del pensamiento crítico: teoría y práctica
Guardat en:
| Autor principal: | |
|---|---|
| Format: | Llibre |
| Idioma: | espanyol |
| Publicat: |
Ciudad de México, México
Fondo de Cultura Económica
2004
|
| Col·lecció: | Sección de Obras de Educación y Pedagogía
|
| Matèries: | |
| Etiquetes: |
Afegir etiqueta
Sense etiquetes, Sigues el primer a etiquetar aquest registre!
|
MARC
| LEADER | 00000nam a2200000 a 4500 | ||
|---|---|---|---|
| 001 | UCK3135 | ||
| 003 | CL-VaPUC | ||
| 005 | 20210924074308.0 | ||
| 008 | 050415e20040000MX |||||||||||||||||spa|d | ||
| 999 | |c 312402 |d 312400 | ||
| 020 | |a 9681672992 | ||
| 040 | |c Pontificia Universidad Católica de Valparaíso | ||
| 082 | 0 | 4 | |a 370.1524 BOI 2004 |2 21 |
| 100 | 0 | |a Boisvert, Jacques |9 491112 | |
| 245 | 1 | 3 | |a La formación del pensamiento crítico: teoría y práctica |
| 260 | 0 | 3 | |a Ciudad de México, México |b Fondo de Cultura Económica |c 2004 |
| 300 | |a 214 páginas | ||
| 490 | 0 | |a Sección de Obras de Educación y Pedagogía | |
| 583 | |a last modification |c 20050415 00:00:00 |k Rodrigo Vera | ||
| 650 | 0 | |a Razonamiento |9 256520 | |
| 650 | 7 | |a SOLUCION DE PROBLEMAS |2 CL-VaPUC |9 270958 | |
| 650 | 0 | |a Psicología educacional |9 307830 | |
| 650 | 0 | |a Desarrollo individual |9 307875 | |
| 942 | |c BK |2 ddc | ||
| 945 | |d 20050415 00:00:00 |a cmena | ||
| 952 | |0 0 |1 0 |2 ddc |4 0 |6 370_152400000000000_BOI_2004 |7 0 |8 A |9 382737 |a FDOPOS |b FDOPOS |d 2019-11-21 |i 4111710 |o 370.1524 BOI 2004 |p 4111710 |r 2025-01-22 |t 1 |w 2019-11-21 |y BK |k MLA | ||
| 952 | |0 0 |1 0 |2 ddc |4 0 |6 370_152400000000000_BOI_2004 |7 0 |8 A |9 382738 |a BIBGIM |b BIBGIM |d 2019-11-21 |i 4289390 |l 1 |o 370.1524 BOI 2004 |p 4289390 |r 2025-01-15 |s 2023-08-03 |t 2 |w 2019-11-21 |y BK |k SSL | ||
| 952 | |0 0 |1 0 |2 ddc |4 0 |6 370_152400000000000_BOI_2004 |7 0 |8 A |9 382739 |a BIBEDU |b BIBEDU |d 2019-11-21 |i 4290976 |o 370.1524 BOI 2004 |p 4290976 |r 2019-11-21 |t 3 |w 2019-11-21 |y BK |k EDU | ||
| 952 | |0 0 |1 0 |2 ddc |4 0 |6 370_152400000000000_BOI_2004 |7 0 |8 A |9 382740 |a BIBING |b BIBING |d 2019-11-21 |i 4310535 |o 370.1524 BOI 2004 |p 4310535 |r 2025-01-20 |t 4 |w 2019-11-21 |y BK |k ING | ||